Thí nghiệm động cơ đốt trong

Gespeichert in:
Bibliographische Detailangaben
1. Verfasser: Văn, Thị Bông
Format: Buch
Sprache:Undetermined
Veröffentlicht: Thành phố Hồ Chí Minh Đại học Quốc gia Thành phố Hồ Chí Minh 2005
Schlagworte:
Tags: Tag hinzufügen
Keine Tags, Fügen Sie den ersten Tag hinzu!
Thư viện lưu trữ: Trung tâm Học liệu Trường Đại học Cần Thơ
LEADER 00597nam a2200193Ia 4500
001 CTU_101554
008 210402s9999 xx 000 0 und d
020 |c 11500 
082 |a 621.43 
082 |b B455 
100 |a Văn, Thị Bông 
245 0 |a Thí nghiệm động cơ đốt trong 
245 0 |c Văn Thị Bông 
260 |a Thành phố Hồ Chí Minh 
260 |b Đại học Quốc gia Thành phố Hồ Chí Minh 
260 |c 2005 
650 |a internal combustion engines 
904 |i Minh 
980 |a Trung tâm Học liệu Trường Đại học Cần Thơ